00964nam a2200145 a 4500020003000000020003300030082001200063100001600075245006900091260004100160300001000201520052300211650001400734856007000748 a074870437X (spiral-bound) a9780748704378 (spiral-bound) a540 SCO1 aScott, P.R.10aUsing your chemistry :Comprehension Questions for Advanced Level a[S.l.] :bNelson Thornes Ltd,c1990. a77 p. aA-level chemistry questions increasingly test the students ability to handle unfamiliar situations, and prove that they can apply their knowledge. This is a book of comprehension questions, ranging from familiar extension material to completely new topics. It is written in response to the need for candidates to have experience of these types of questions before they sit their examination. The material is suitable for A-level, Scottish Higher and Certificate of Sixth Year Studies. An answer book is also available. achemistry40uhttp://www.amazon.com/exec/obidos/ASIN/074870437X/chopaconline-20